[Event "Reykjavik Open 2026"]
[Site "Reykjavik"]
[Date "2026.03.29"]
[Round "7.185"]
[White "Hagestad, Iver Dagsonn"]
[Black "Barlage, Stefan"]
[Result "1-0"]
[WhiteElo "1666"]
[WhiteFideId "1592335"]
[BlackElo "1571"]
[BlackFideId "34698558"]
[Variant "Standard"]

1. d4 d5 2. Bf4 c5 3. c3 Nf6 4. e3 e6 5. Nf3 Nc6 6. Bd3 Be7 7. h3 O-O 8. O-O a6 9. Nbd2 Re8 10. Re1 Bf8 11. e4 dxe4 12. Nxe4 Nd5 13. Bh2 b5 14. dxc5 Na5 15. Qd2 Bb7 16. Rad1 Bc6 17. Ne5 Qc8 18. b3 Ra7 19. c4 bxc4 20. bxc4 Nb7 21. Nxc6 Qxc6 22. cxd5 exd5 23. Ng5 g6 24. Rxe8 Qxe8 25. Qe2 Qc6 26. Re1 Nxc5 27. Nf3 Re7 28. Qc2 Qf6 29. Rxe7 Bxe7 30. Qb1 Nxd3 31. Qxd3 Qa1+ 32. Qf1 Qxa2 33. Be5 f6 34. Bd4 Kf7 35. Qa1 Qc4 36. Nd2 Qd3 37. Qc3 Qb5 38. Qb3 Qc6 39. Kh2 Qd6+ 40. g3 Qc6 41. Ne4 Qe6 42. Nc3 Bd6 43. Qxd5 Qxd5 44. Nxd5 Be5 45. Bxe5 fxe5 46. Kg2 Ke6 47. Nc7+ Kf5 48. Nxa6 e4 49. Nc5 Ke5 50. Nb3 Kf5 51. Kf1 g5 52. Ke2 h5 53. Ke3 g4 54. hxg4+ Kxg4 55. Kxe4 h4 56. gxh4 Kxh4 1-0

[Event "Reykjavik Open 2026"]
[Site "Reykjavik"]
[Date "2026.03.29"]
[Round "7.186"]
[White "Endo Van Dooijeweert, Sebastian"]
[Black "B. Berglindardottir, Emilia Embla"]
[Result "1/2-1/2"]
[WhiteElo "1561"]
[WhiteFideId "7007167"]
[BlackElo "1656"]
[BlackFideId "2318946"]
[Variant "Standard"]

1. e4 e6 2. d4 d5 3. Nd2 c5 4. exd5 exd5 5. Ngf3 Nc6 6. Bb5 Nf6 7. O-O Be7 8. dxc5 Bxc5 9. Re1+ Be6 10. Ng5 Qe7 11. Nb3 Bd6 12. Nd4 O-O 13. Ndxe6 fxe6 14. Rxe6 Qc7 15. h3 Bc5 16. Re1 Bxf2+ 17. Kh1 Bxe1 18. Qxe1 Rae8 19. Qd1 Qa5 20. Be2 h6 21. Nf3 Ne4 22. Kh2 Qc7+ 23. Kg1 Rf5 24. Nh4 1/2-1/2

[Event "Reykjavik Open 2026"]
[Site "Reykjavik"]
[Date "2026.03.29"]
[Round "7.187"]
[White "Birgisson, Hilmar Freyr"]
[Black "Tsai, Nicholas"]
[Result "0-1"]
[WhiteElo "1651"]
[WhiteFideId "2322943"]
[BlackElo "1564"]
[BlackFideId "39954811"]
[Variant "Standard"]

1. d4 d6 2. c4 Nf6 3. Nf3 g6 4. g3 Bg7 5. Bg2 O-O 6. O-O Nbd7 7. Nc3 e5 8. dxe5 dxe5 9. Bg5 h6 10. Be3 c6 11. Qb3 Qe7 12. Rad1 Nc5 13. Bxc5 Qxc5 14. Nd2 Qb6 15. Qc2 Bf5 16. Nce4 Rad8 17. c5 Qa5 18. Nb3 Qa4 19. Nxf6+ Bxf6 20. e4 Be6 21. Ra1 Rd7 22. Qc3 Rfd8 23. Qf3 Bg7 24. Nc1 Qc2 25. Qa3 Rd1 26. Nb3 Rxf1+ 27. Rxf1 Rd1 28. Na5 b6 29. cxb6 axb6 30. Qc3 Rxf1+ 31. Bxf1 Qxc3 32. bxc3 bxa5 33. c4 c5 34. f3 f5 35. Kg2 a4 36. Kf2 fxe4 37. fxe4 h5 38. h3 Bh6 39. Ke1 Bc1 40. Kd1 Bb2 41. Kc2 a3 42. Kb3 Bd7 43. Bg2 Kg7 44. Bf1 Kf6 45. h4 g5 46. Be2 Kg6 47. Bf3 Bh3 48. Ka4 Bf1 49. Kb5 Bd4 50. Ka4 Bxc4 51. Kxa3 gxh4 52. gxh4 Bf2 53. Kb2 Bxh4 54. a4 Bd8 55. Kc3 Be6 56. Be2 Ba5+ 57. Kc2 h4 58. Bf3 h3 59. Bh1 Kg5 60. Kd3 Kf4 61. Ke2 Kg3 62. Bf3 Bc4+ 63. Ke3 Bb4 64. Bd1 0-1

[Event "Reykjavik Open 2026"]
[Site "Reykjavik"]
[Date "2026.03.29"]
[Round "7.188"]
[White "Manuel Dos Santos, Fabio"]
[Black "Sigurdardottir, Emilia"]
[Result "1-0"]
[WhiteElo "1644"]
[WhiteFideId "533009511"]
[BlackElo "1435"]
[BlackFideId "2322021"]
[Variant "Standard"]

1. Nc3 e5 2. e4 Nc6 3. f4 d6 4. Nf3 Nf6 5. Bb5 Nd7 6. O-O a6 7. Bc4 Qe7 8. Ng5 Nb6 9. Nxf7 Nxc4 10. Nxh8 Be6 11. f5 Bg8 12. Qh5+ Kd7 13. Nd5 Qe8 14. Qxe8+ Rxe8 15. d3 Nb6 16. Nxb6+ cxb6 17. Bg5 d5 18. f6 gxf6 19. Bxf6 dxe4 20. dxe4 Bc4 21. Rf3 Bc5+ 22. Kh1 Kc7 23. b3 Be2 24. Rh3 Bd4 25. Rxh7+ Kb8 26. Rc1 Bg4 27. Ng6 Bc3 28. Rb1 Nb4 29. Rh8 Rxh8 30. Bxh8 Nxa2 31. Nxe5 Bxe5 32. Bxe5+ Ka7 33. c3 Be6 34. b4 b5 35. h4 Bg4 36. Ra1 b6 37. Rxa2 a5 38. bxa5 bxa5 39. Rxa5+ Kb6 40. Rxb5+ Kxb5 41. Bd4 Kc6 42. Kh2 Be2 43. Kg3 Bh5 44. Kf4 Kd6 45. g4 Be8 46. h5 Bxh5 47. gxh5 Ke6 48. Kg5 Kf7 49. Kh6 Kg8 50. Kg6 Kf8 51. h6 Ke7 52. h7 Kd7 53. h8=N Ke6 54. Nf7 Ke7 55. e5 Ke6 56. c4 Ke7 57. e6 Kxe6 58. Ng5+ Kd6 59. Kf6 Kc7 60. Ke6 Kc6 61. Ne4 Kb7 62. Kd6 Ka8 63. Kc6 Kb8 64. Bb6 Ka8 65. Nc5 Kb8 66. Ne6 Kc8 67. Bc5 Kb8 68. Nc7 Kc8 69. Ba7 Kd8 70. Nd5 Ke8 71. Kd6 Kf7 72. Ne7 Kg7 73. Be3 Kf6 74. Bf4 Kf7 75. Bg5 Ke8 76. Ke6 Kd8 77. Bf4 Ke8 78. Bc7 Kf8 79. Nf5 Ke8 80. Ng7+ Kf8 81. Kf6 Kg8 82. Kg6 Kf8 83. Bd6+ Kg8 84. Nf5 Kh8 85. Be7 Kg8 86. Nh6+ Kh8 87. Bf6# 1-0

[Event "Reykjavik Open 2026"]
[Site "Reykjavik"]
[Date "2026.03.29"]
[Round "7.189"]
[White "Bajnath, Amresh"]
[Black "Jonsdottir, Halldora"]
[Result "0-1"]
[WhiteElo "1529"]
[WhiteFideId "40114716"]
[BlackElo "1593"]
[BlackFideId "2321939"]
[Variant "Standard"]

1. d4 d5 2. c4 e6 3. Nc3 Nf6 4. Nf3 Be7 5. e3 h6 6. Ne5 Nbd7 7. Qa4 O-O 8. f4 Nxe5 9. fxe5 Nd7 10. Bd2 f6 11. O-O-O fxe5 12. cxd5 Nb6 13. Qc2 exd4 14. exd4 exd5 15. Bd3 Rf2 16. Bh7+ Kh8 17. Qg6 Bf5 18. Qxf5 Rxf5 19. Bxf5 Bg5 20. g3 Nc4 21. Nb1 c5 22. h4 Bf6 23. b3 Nd6 24. g4 cxd4 25. g5 Be5 26. Be6 Qc7+ 27. Kb2 Nb5 28. Rc1 d3+ 29. Bc3 d2 30. Nxd2 Bxc3+ 31. Rxc3 Qxc3+ 32. Kb1 Na3# 0-1

[Event "Reykjavik Open 2026"]
[Site "Reykjavik"]
[Date "2026.03.29"]
[Round "7.192"]
[White "Skulason, Robert Heidar"]
[Black "Creve, Roeland"]
[Result "1/2-1/2"]
[WhiteElo "1474"]
[WhiteFideId "2332825"]
[BlackElo "1524"]
[BlackFideId "40103404"]
[Variant "Standard"]

1. e4 e5 2. Nf3 Nc6 3. Bc4 g6 4. O-O Nge7 5. Ng5 d5 6. exd5 Nxd5 7. Nxf7 Kxf7 8. Qf3+ Ke6 9. Nc3 Nd4 10. Qxd5+ Qxd5 11. Bxd5+ Kf6 12. Bb3 Nxb3 13. axb3 c6 14. Rd1 Bf5 15. d3 Rd8 16. Be3 a6 17. Ne4+ Kg7 18. f3 Rc8 19. d4 Be7 20. dxe5 Rhe8 21. Bf4 Bxe4 22. fxe4 Ra8 23. Rd7 b5 24. Bg5 Kf7 25. Kf2 Ke6 26. Rxe7+ Rxe7 27. Bxe7 Kxe7 28. Ke3 c5 29. Rd1 Ke6 30. Rd5 Rc8 31. g3 g5 32. c4 b4 33. Ke2 h5 34. Kf2 g4 35. Ke3 Rf8 36. Ke2 Rh8 37. Kf2 Rf8+ 38. Ke2 h4 39. Rxc5 Rf3 40. Rd5 Rxb3 41. Rd2 Kxe5 42. c5 Rf3 43. c6 Rf8 44. c7 Rc8 45. Rc2 b3 46. Rc4 a5 47. gxh4 a4 48. Rxa4 Rxc7 49. Ra5+ Kxe4 50. Rg5 Rc2+ 51. Kd1 Rxh2 52. Rxg4+ Kd3 53. Rg3+ Kc4 54. Rg4+ Kd3 55. Rg3+ Kc4 56. Rg4+ Kd3 57. Rg3+ 1/2-1/2